000 01352nam0a2200325 4500
001 RU\NLR\BIBL_A\022376700
005 20260420021141.0
010 _a978-5-17-165668-3
_95000
021 _aRU
_bКН-П-24-058455
_9КН-П-24-5816
035 _a(NLR Aleph) 022376700
090 _a13669527
_c13669527
100 _a20241108d2024 m y0rusy50 ca
101 1 _arus
_cger
102 _aRU
105 _ay z 000fy
181 0 _ai4
_baxxe
182 0 _an
200 1 _aПревращение
_e[сборник]
_fФранц Кафка
203 _aТекст
_bвизуальный
_cнепосредственный
210 _aМосква
_cАСТ
_d2024
215 _a382, [1] c.
_d21
225 1 _aЛучшая мировая классика
327 1 _aСодерж.: Описание одной схватки; Приготовления к свадьбе в деревне; Отказ; Приговор; Большой шум; Превращение; Окно на улицу; В исправительной колонии; Гигантский крот; Мост [и др.]
333 _a16+
686 1 _aШ6(4А)67-440.5{Лх1349-80}
700 1 _7ca
_8rus
_aКафка
_bФ.
_f1883-1924
_gФранц
_97160
_3RU\NLR\AUTH\7724108
942 _cBOOK
980 _aNB